000 01042nam a22002177a 4500
008 120918t xxu||||| |||| 00| 0 eng d
020 _a0273651102
050 _aHD30.4.G49
100 _aGhauri, Pervez.
245 _aResearch methods in business students: A practical guide. /
_cPervez Ghauri
250 _a2nd ed.
260 _aHarlow:
_bPrentice hall,
_c2002.
300 _axv,212 p:
_bill.;
_c24cm.
500 _aIncludes index
505 _aContents: Challenges and ambiguities of business research: Introduction -- Research in business studies -- The Research process: The research process -- Research problems -- Research design -- Measurements -- Data sources -- Data collection -- Sampling in empirical research -- Preparation and analysis of data -- Implimentation: Conducting data analysis -- Designing and conducting case studies -- Writing the final report.
650 _aManagement -- Research.
650 _aBusiness -- Research.
650 _aBusiness studies
700 _aGronhaug, Kjell.
942 _2lcc
_cBK
999 _c2351
_d9851